000 02216cam a22005774i 4500
003 PE-LiUPU
005 20250731180156.0
008 150508s2011 sp a rb 001 0 spa d
020 _a9788437081700
035 _a(Sirsi) i9788437081700
040 _aPE-LiUPU
_bspa
_cPE-LiUPU
_erda
049 _aPRUA
082 0 4 _a540
_bG69
100 1 _aGonzález Luque, Remedios,
_eautor.
245 1 0 _aQuímica general para las ciencias ambientales /
_cRemedios González Luque.
264 1 _a[Valencia] :
_bUniversitat de València,
_c[2011].
300 _a354 páginas :
_bilustraciones ;
_c30 centímetros
336 _atext
_2rdacontent
337 _aunmediated
_2rdamedia
338 _avolume
_2rdacarrier
490 0 _aColección: Educació. Labotari de Materials ;
_v34
504 _aBibliografía: páginas 349-350.
504 _aIndice analítico: páginas 351-354.
505 0 _aIntroducción a la química -- Estequiometría y unidades de concentración -- Termodinámica -- Equilibrio material en gases -- Equilibrio ácido-base -- Equilibrio de solubidad -- Equilibrio de óxido-reducción -- Cinética química -- Constantes físicas -- Soluciones a los ejercicios.
526 _aSEG44
526 _aSEG26
526 _aP159
526 _aP155
526 _aP154
526 _aP153
526 _aP150
526 _aP100
526 _aP31
526 _aP30
526 _aP26
526 _aP25
526 _aP24
526 _aP22
526 _aP15
526 _aP10
541 _g003-001466;
650 _aEstequiometría.
650 _aMedioambiente.
650 7 _aQuímica.
_2embne
910 _acce
_bjck
_ccce
_d20150508
942 _2ddc
_cBOOK
949 _a540 G69
_wDEWEY
_c1
_i70932
_d2016-8-29
_e2016-8-29
_lCCODEBUL1
_mBUL
_n8
_p55.50
_r0
_sY
_tBOOK
_u2015-5-8
_xINGENIERIA
_PP24
_0COMPRA
_o.STAFF. Colección General
994 _aC0
_bPEPRU
596 _a1
999 _a540 G69
_wDEWEY
_c60183
_i70932
_d60183
_e2019-2-1
_f2021-11-9
_g7
_lCCODEBUL1
_mBUL
_n10
_p55.50
_q2
_r0
_sY
_tBOOK
_u2015-5-8
_xINGENIERIA
_PP24
_0COMPRA
_o.STAFF. Colección General
980 _81
_gALBERTO SANCHEZ Responsable de Automatización